Statistics for Departments of El Salvador Map Quiz

Click here to take the quiz!

General Stats

  • This quiz has been taken 572 times
  • The average score is 9 of 14

Answers on the Map

Answers color-coded by a green-red scale on the quiz's map according to % correct below.
 

Answer Stats

Answer% Correct
San Salvador
70%
San Miguel
68%
Ahuachapán
65%
La Libertad
65%
La Unión
65%
Santa Ana
63%
Chalatenango
61%
Usulután
61%
Morazán
59%
San Vicente
59%
La Paz
58%
Cabañas
57%
Sonsonate
57%
Cuscatlán
55%

Score Distribution

Percentile by Number Answered

Percent of People with Each Score

Your Score History

You have not taken this quiz